Normal view
MARC view
- Quirk, Randolph/Sidney Greenbaum
Entry Personal Name
001 - CONTROL NUMBER
- control field: 5401
003 - CONTROL NUMBER IDENTIFIER
- control field: JO-AjAnu
005 - DATE AND TIME OF LATEST TRANSACTION
- control field: 20230606071158.0
008 - FIXED-LENGTH DATA ELEMENTS
- fixed length control field: 230606|| aca||aabn | a|a d
040 ## - CATALOGING SOURCE
- Original cataloging agency: JO-AjAnu
- Transcribing agency: JO-AjAnu
100 ## - HEADING--PERSONAL NAME
- Personal name: Quirk, Randolph/Sidney Greenbaum
670 ## - SOURCE DATA FOUND
- Source citation: Work cat.: (JO-AjAnu)2787: Quirk, Randolph/Sidney Greenbaum, author, A University Grammar of English